| Tag |
First Indicator |
Second Indicator |
Subfields |
| LEADER |
00000cam a2200000 4500 |
| 001 |
in00000142425 |
| 005 |
20151004060100.0 |
| 008 |
761026s1898 enk 00110beng d |
| 010 |
|
|
|a 01004002
|
| 035 |
|
|
|a (OCoLC)02530649
|
| 035 |
|
|
|9 AAQ9519AM
|
| 040 |
|
|
|a DLC
|c WOO
|d TXA
|d UtOrBLW
|
| 049 |
|
|
|a TXAM
|c [414432]
|
| 050 |
|
0 |
|a PR4433
|b .W45
|
| 100 |
1 |
|
|a Wilson, David Alec,
|d 1864-1933.
|
| 245 |
1 |
0 |
|a Mr. Froude and Carlyle /
|c by David Wilson.
|
| 264 |
|
1 |
|a London :
|b W. Heinemann,
|c 1898.
|
| 300 |
|
|
|a viii, 360 pages ;
|c 23 cm.
|
| 336 |
|
|
|a text
|b txt
|2 rdacontent
|
| 337 |
|
|
|a unmediated
|b n
|2 rdamedia
|
| 338 |
|
|
|a volume
|b nc
|2 rdacarrier
|
| 600 |
1 |
0 |
|a Froude, James Anthony,
|d 1818-1894.
|
| 600 |
1 |
0 |
|a Carlyle, Thomas,
|d 1795-1881.
|
| 999 |
|
|
|a MARS
|
| 999 |
f |
f |
|s 4346df08-0456-3ad2-aa69-a01bf36e9cb0
|i b79a3a1e-38e9-3aab-a9e8-89194f000c67
|t 0
|
| 952 |
f |
f |
|p ric
|a Texas A&M University
|b Rellis Campus
|c Joint Library Facility
|d Remote Storage
|t 0
|e PR4433 .W45
|h Library of Congress classification
|i unmediated -- volume
|m A14803948220
|
| 998 |
f |
f |
|a PR4433 .W45
|t 0
|l Remote Storage
|